000 00319nam a22001457a 4500
008 210302b ||||| |||| 00| 0 eng d
020 _a9780814478011
041 _aeng
080 _26th
_a004
082 _a004
100 _a28
101 _aSHKI
245 _aThe Computer Glossary
_cFreedman, A
942 _2udc
_cBK
999 _c55486
_d55486